00834nam a22002417a 450000500170000000800410001702000180005804000680007604100080014410000390015224501230019126000500031430000180036449000110038250400410039365000130043465000120044765000240045965000220048370000290050570000320053476500260056620150728113006.0131114s2011 sp frn 000 0 spa  a9788496867642 aCO-BoUCMbspacJose A. Gerena (modificó)dAldemar Mondragón1 aspa1 aZimmer, Heinrich Robertd1890-194310aFilosofías de la IndiacHeinrich Zimmer ; edición y prólogo de Joseph Campbell ; traducción de J. A. Vázquez aMadrid (España)bEditorial Sexto Pisoc2010 a667 páginas0 aEnsayo aIncluye referencias bibliográficas 4aJainismo 7aBudismo 7aFilosofía hindú 7aFilosofía india1 aCampbell, Josepheeditor1 aVázquez, J. A.etraductor1 tPhilosophies of India